Tissue Engineering & Artificial Organs (Record no. 173205)

000 -LEADER
fixed length control field 01401cam a22003374a 4500
001 - CONTROL NUMBER
control field 14123565
003 - CONTROL NUMBER IDENTIFIER
control field Nust
005 - DATE AND TIME OF LATEST TRANSACTION
control field 20251217182046.0
008 - FIXED-LENGTH DATA ELEMENTS--GENERAL INFORMATION
fixed length control field 050928s2006 flua b 001 0 eng
010 ## - LIBRARY OF CONGRESS CONTROL NUMBER
LC control number 2005054864
Canceled/invalid LC control number 2005056892
-- 2005044776
020 ## - INTERNATIONAL STANDARD BOOK NUMBER
International Standard Book Number 0-8493-2123-9
038 ## - RECORD CONTENT LICENSOR
Staff Name SMME
040 ## - CATALOGING SOURCE
Original cataloging agency DLC
Transcribing agency DLC
Modifying agency DLC
042 ## - AUTHENTICATION CODE
Authentication code pcc
050 00 - LIBRARY OF CONGRESS CALL NUMBER
Classification number R856
Item number .B513 2006
082 00 - DEWEY DECIMAL CLASSIFICATION NUMBER
Classification number 612.028
Edition number 22
Author Mark TIS
100 ## - MAIN ENTRY--PERSONAL NAME
Personal name Joseph D. Bronzino.
9 (RLIN) 34471
245 04 - TITLE STATEMENT
Title Tissue Engineering & Artificial Organs
Statement of responsibility, etc. Edited by Joseph D. Bronzino.
260 ## - PUBLICATION, DISTRIBUTION, ETC.
Place of publication, distribution, etc. Boca Raton :
Name of publisher, distributor, etc. CRC/Taylor & Francis,
Date of publication, distribution, etc. 2006.
300 ## - PHYSICAL DESCRIPTION
Extent 3 v. :
Other physical details ill. ;
Dimensions 27 cm.
440 #4 - SERIES STATEMENT/ADDED ENTRY--TITLE
Title The electrical engineering handbook series
9 (RLIN) 34472
504 ## - BIBLIOGRAPHY, ETC. NOTE
Bibliography, etc. note Includes bibliographical references and index.
505 2# - FORMATTED CONTENTS NOTE
Formatted contents note [v. 1]. Biomedical engineering fundamentals -- [v. 2]. Medical devices and systems -- [v. 3]. Tissue engineering and artificial organs.
563 ## - BINDING INFORMATION
Binding note Hard Binding
650 #0 - SUBJECT ADDED ENTRY--TOPICAL TERM
Topical term or geographic name entry element Biomedical engineering.
9 (RLIN) 798
700 1# - ADDED ENTRY--PERSONAL NAME
Personal name Bronzino, Joseph D.,
Dates associated with a name 1937-
9 (RLIN) 34473
856 42 - ELECTRONIC LOCATION AND ACCESS
Materials specified Publisher description
Uniform Resource Identifier <a href="http://www.loc.gov/catdir/enhancements/fy0646/2005054864-d.html">http://www.loc.gov/catdir/enhancements/fy0646/2005054864-d.html</a>
906 ## - LOCAL DATA ELEMENT F, LDF (RLIN)
a 7
b cbc
c orignew
d 1
e ocip
f 20
g y-gencatlg
942 ## - ADDED ENTRY ELEMENTS (KOHA)
Source of classification or shelving scheme
Koha item type Book
Call number prefix 610.28 TIS
Holdings
Withdrawn status Lost status Source of classification or shelving scheme Damaged status Not for loan Permanent Location Current Location Shelving location Date acquired Total Checkouts Full call number Barcode Date last seen Date last checked out Price effective from Koha item type
          School of Mechanical & Manufacturing Engineering (SMME) School of Mechanical & Manufacturing Engineering (SMME) General Stacks 01/19/2017 1 612.028 TIS SMME-1140 01/12/2024 10/23/2020 01/19/2017 Book
© 2023 Central Library, National University of Sciences and Technology. All Rights Reserved.